| 000 | 00722nmc a2200277 a 4500 | ||
|---|---|---|---|
| 003 | AR-BaBNM | ||
| 005 | 20251128211213.0 | ||
| 008 | 263020s2001 ||||||||||||||000 | spa|| | ||
| 020 | _a84-249-2569-6 | ||
| 040 | _cAR-BaBNM | ||
| 100 | 1 | _aSuetonio Tranquilo, Cayo | |
| 245 | 1 | 0 |
_aVida de los doce Césares _blibros IV-VIII |
| 260 |
_aMadrid _bGredos _c2001 |
||
| 300 | _a346 p. | ||
| 490 | 0 |
_aBiblioteca básica Gredos _vv. 94 |
|
| 650 | 4 | _aHISTORIOGRAFIA | |
| 650 | 4 | _aHISTORIA ANTIGUA | |
| 650 | 4 | _aLITERATURA LATINA | |
| 650 | 4 | _aHISTORIADORES | |
| 650 | 4 | _aTRADICION ORAL | |
| 650 | 4 | _aBIOGRAFIAS | |
| 651 | 4 | _aRoma | |
| 700 |
_aAgudo Cubas, Rosa María _etraductor |
||
| 942 | _cBK | ||
| 998 | _cmartin | ||
| 999 |
_c18702 _d18702 |
||